000 01264nam a2200241Ii 4500
003 JO-AjNU
005 20240630113429.0
008 230605s9999||||xx |||||||||||||| ||und||
040 _aJO-AjNU
_bara
_erda
_cJO-AjNU
041 _aara
050 1 4 _aLC4704.2022
100 _aالعمايرة، حسن احمد حسن
_965962
245 0 0 _aفاعلية برنامج تدريبي قائم على الانشطة الرياضية في خفض السلوك العدواني لدى الطلبة ذوي صعوبات التعلم=The Effectiveness of a Training Program Based on Sports Activities in Reducing Aggressive Behavior Amng Students with Learning Disabilities /
_cاعداد حسن احمد حسن العمايرة ؛ إ شراف عبد الحميد ابو عيسى
260 _c2022
300 _a100 ورقة
336 _atext
_btxt
_2rdacontent
337 _aunmediated
_bn
_2rdamedia
338 _avolume
_bnc
_2rdacarrier
500 _aرسالة جامعية ( اطروحة ماجستير) جامعة عجلون الوطنية: كلية العلوم التربوية، تخصص صعوبات التعلم،2022
650 4 _aصعوبات التعلم
_963570
700 1 _aابو عيسى، عبد الحميد
_965943
_eمشرف
942 _2lcc
_cTHS
999 _c32411
_d32411